000 00483cam a22001217a 4500
008 180718b-- xxu||||| |||| 00| 0 eng d
082 _aT19x54 In2p
245 _aIndia: pocket book of economic information
_cby Department of Economic Affairs
260 _aNew Delhi
_bDepartment of Economic Affairs, Ministry of Finance
_c--
500 _aLibrary has 1962, 1969
650 _aIndia - Economic conditions - Statistics
700 _aIndia. Ministry of Finance. Department of Economic Affairs
999 _c485277
_d485277